Fuzzy sets and fuzzy logic : (Record no. 179734)

000 -LEADER
fixed length control field 00627 a2200217 4500
003 - CONTROL NUMBER IDENTIFIER
control field Nust
005 - DATE AND TIME OF LATEST TRANSACTION
control field 20170207153133.0
010 ## - LIBRARY OF CONGRESS CONTROL NUMBER
LC control number 94036398
020 ## - INTERNATIONAL STANDARD BOOK NUMBER
International Standard Book Number 8120311361
040 ## - CATALOGING SOURCE
Transcribing agency Nust
082 00 - DEWEY DECIMAL CLASSIFICATION NUMBER
Classification number 006.33
100 1# - MAIN ENTRY--PERSONAL NAME
Personal name Klir, George J.,
245 10 - TITLE STATEMENT
Title Fuzzy sets and fuzzy logic :
Remainder of title theory and applications /
Statement of responsibility, etc. George J. Klir and Bo Yuan.
260 ## - PUBLICATION, DISTRIBUTION, ETC.
Place of publication, distribution, etc. Upper Saddle River, N.J. :
Name of publisher, distributor, etc. Prentice Hall PTR,
Date of publication, distribution, etc. c1995.
300 ## - PHYSICAL DESCRIPTION
Extent xv, 574 p. :
Other physical details ill. ;
Dimensions 25 cm.
505 ## - FORMATTED CONTENTS NOTE
Formatted contents note Theory (Page-1), Applications (Page-280).
538 ## - SYSTEM DETAILS NOTE
System details note Almirah No.9 Shelf No.4
650 #0 - SUBJECT ADDED ENTRY--TOPICAL TERM
Topical term or geographic name entry element Fuzzy logic.
650 #0 - SUBJECT ADDED ENTRY--TOPICAL TERM
Topical term or geographic name entry element Fuzzy sets.
700 1# - ADDED ENTRY--PERSONAL NAME
Personal name Yuan, Bo.
942 ## - ADDED ENTRY ELEMENTS (KOHA)
Source of classification or shelving scheme
Koha item type Book
Holdings
Withdrawn status Lost status Source of classification or shelving scheme Damaged status Not for loan Collection code Permanent Location Current Location Date acquired Total Checkouts Full call number Barcode Date last seen Price effective from Koha item type
            Military College of Signals (MCS) Military College of Signals (MCS) 12/12/2016   006.33 KLI MCS28109 12/08/2016 12/12/2016 Book
© 2023 Central Library, National University of Sciences and Technology. All Rights Reserved.